000 00402nam a2200157Ia 4500
008 160316s1993 xxu||||| |||| 00| 0 eng d
082 _a344.013000
_bVIJ
100 _aVijayagopalan S
245 _aChild labour in carpet industry
250 _a
260 _aNew Delhi
_bNational Council of Applied Economic Research
_c1993
300 _a64p.
_b
_c
365 _bRs.120/-
650 _a
700 _a
_a
999 _c7237
_d7237